UBT Library

History of English thought in the eighteenth century. (Record no. 43792)

000 -LEADER
fixed length control field 00576cam a22002171 4500
001 - CONTROL NUMBER
control field 7034377
005 - DATE AND TIME OF LATEST TRANSACTION
control field 20180301043003.0
008 - FIXED-LENGTH DATA ELEMENTS--GENERAL INFORMATION
fixed length control field 740718t19631962nyu 000 0 eng
010 ## - LIBRARY OF CONGRESS CONTROL NUMBER
LC control number 62020104
015 ## - NATIONAL BIBLIOGRAPHY NUMBER
National bibliography number GB63-7957
035 ## - SYSTEM CONTROL NUMBER
System control number (OCoLC)951121
040 ## - CATALOGING SOURCE
Original cataloging agency DLC
Transcribing agency TxU-Da
Modifying agency OCoLC
-- Uk
-- DLC
041 ## - LANGUAGE CODE
Language code of text/sound track or separate title eng
080 ## - UNIVERSAL DECIMAL CLASSIFICATION NUMBER
Universal Decimal Classification number 192
082 ## - DEWEY DECIMAL CLASSIFICATION NUMBER
Classification number 192 STE
100 1# - Rafti
Rafti 24
101 ## - Shkurtesa
Shkurtesa FIL
245 10 - TITLE STATEMENT
Title History of English thought in the eighteenth century.
Statement of responsibility, etc With a new pref. by Crane Brinton.
906 ## - LOCAL DATA ELEMENT F, LDF (RLIN)
a 7
b cbc
c oclcrpl
d u
e ncip
f 19
g y-gencatlg
942 ## - ADDED ENTRY ELEMENTS (KOHA)
Source of classification or shelving scheme
Item type Books
Holdings
Withdrawn status Lost status Source of classification or shelving scheme Damaged status Not for loan Collection code Permanent location Current location Shelving location Date acquired Total Checkouts Full call number Barcode Date last seen Price effective from Koha item type
          Koleksioni i përgjithshem UBT - Lipjan UBT - Lipjan Koleksioni i përgjithshem 03/01/2018   192 STE 002-3000639 03/01/2018 03/01/2018 Books
UBT Library © 2015-2024. All rights reserved University Education for Business and Technology